| 000 | 005170000a22001810004500 | ||
|---|---|---|---|
| 003 | MACL | ||
| 005 | 20160218131139.0 | ||
| 008 | 160218b xxu||||| |||| 00| 0 eng d | ||
| 040 |
_aMACL _cMACL |
||
| 041 | _aHindi | ||
| 082 | _a380 | ||
| 100 |
_aगोखले एल. डी _938860 |
||
| 245 | _aवाणिज्यिक गणनाएं | ||
| 260 |
_bसतीश प्रिन्टर्स _c1981 _aइन्दौर |
||
| 350 | _a12 | ||
| 650 |
_aCommerce _938861 |
||
| 942 |
_cHIN _k380 _2ddc |
||
| 999 |
_c27452 _d27452 |
||